000 00660nam a22001937a 4500
005 20100821123652.0
010 _aENG-101176
020 _a9788124115084
_c250.00
035 _aEN-84709
037 _bDBAD/PUB
082 _aS
100 _aPeerbhoy, Sadiqa
_916747
245 _aMadonna of Mumbai cats :
_band other stories /
_cby Sadiqa Peerbhoy
260 _aNew Delhi
_bHar-Anand Publications
_c2010
270 _aE-49/3, Okhla Industrial Area, Phase-II
_bNew Delhi
_e110020
300 _a147p.
_c22cm (pbk)
942 _2ddc
_cEN
_hS
_mPEE
999 _c42868
_d42868